| 000 -LEADER |
| fixed length control field |
00690nam a2200217Ia 4500 |
| 001 - CONTROL NUMBER |
| control field |
18986 |
| 003 - CONTROL NUMBER IDENTIFIER |
| control field |
GE_BSU |
| 008 - FIXED-LENGTH DATA ELEMENTS--GENERAL INFORMATION |
| fixed length control field |
181216s||||||||xx |||||||||||||| ||und|| |
| 040 ## - CATALOGING SOURCE |
| Transcribing agency |
GE_BSU |
| 245 ## - TITLE STATEMENT |
| Title |
Вопросы экономики №10,2016 |
| 245 ## - TITLE STATEMENT |
| Statement of responsibility, etc. |
Ред,кол:О.И.Ананьин,Р.С.Гриберг, и др |
| 250 ## - EDITION STATEMENT |
| Edition statement |
Ежемесячный журнал |
| 260 ## - PUBLICATION, DISTRIBUTION, ETC. |
| Place of publication, distribution, etc. |
Москва. |
| 260 ## - PUBLICATION, DISTRIBUTION, ETC. |
| Name of publisher, distributor, etc. |
всероссийское экономическое издание |
| 260 ## - PUBLICATION, DISTRIBUTION, ETC. |
| Date of publication, distribution, etc. |
2016 |
| 300 ## - PHYSICAL DESCRIPTION |
| Extent |
160стр,,26см |
| 653 ## - INDEX TERM--UNCONTROLLED |
| Uncontrolled term |
Вопросы экономики№10,2016 |
| 653 ## - INDEX TERM--UNCONTROLLED |
| Uncontrolled term |
Периодика |
| 653 ## - INDEX TERM--UNCONTROLLED |
| Uncontrolled term |
პერიოდიკა |
| 942 ## - ADDED ENTRY ELEMENTS (KOHA) |
| Koha item type |
პერიოდიკა |